Squid Game en 12 clics (saison 2 et 3) - Statistiques

Statistiques générales
  • Ce quiz a été pris 164 fois
  • Le résultat moyen est 9 sur 12
Statistiques - réponses
Hint Réponse % Correct
s'est suicidé(e) par pendaison dans le dortoir, rongé(e) par la culpabilité
85%
finit par se tirer une balle au cours d'un duel de roulette russe
84%
se sacrifie lors du dernier jeu en se jetant dans le vide
83%
est tombé(e) dans le vide malgré l'aide du joueur 456 et de sa veste tendue qui se déchira
78%
reste en vie
78%
est poignardé(e) deux fois dans le dos avec un couteau de chasse par le joueur 333
75%
prend une balle à la poitrine au niveau du cœur par l'organisateur
74%
est poignardé(e) dans le dos avec un couteau caché par le joueur 149 et abattu(e) à plusieurs reprises par un soldat pour ne pas avoir tué un joueur à temps durant un jeu
73%
s'est suicidé(e) en sautant de la plateforme de départ de la corde à sauter géante
72%
est étranglé(e) à mort par le joueur 456
71%
reste en vie
69%
reste en vie
60%
Aucun quiz correspondant
Distribution des résultats
% des personnes avec chaque résultat
Percentile par nombre de réponses
Votre historique - résultats
Vous n’avez pas pris ce quiz